| 000 | 00949nas a2200277 i 4500 | ||
|---|---|---|---|
| 001 | 1613 | ||
| 003 | ES-MaACL | ||
| 005 | 20250830111410.0 | ||
| 008 | 950801c1907 sp m|yp | 1b||pa d | ||
| 022 | _a2479-7421 | ||
| 080 | _a331 | ||
| 245 | 0 | 3 |
_aLa paz social _b: revista mensual que se publica en Madrid / _cdir., Severino Aznar. |
| 260 |
_aMadrid : _b[s.n.], _c1907- ( _eZaragoza : _fImp. Mariano Salas) |
||
| 300 |
_a9 v. ; _c22 cm. |
||
| 310 | _aMensual | ||
| 362 | 0 | _aAño I (marzo 1907)- | |
| 610 | 2 | 4 |
_aIglesia Católica- _xDoctrina social _94642 |
| 650 | 1 | 4 |
_aCooperativismo- _zEspaña. _9169025 |
| 700 | 1 |
_aAznar, Severino, _d1870-1959 _924307 |
|
| 700 | 1 |
_aReig y Casanova, Enrique. _996003 |
|
| 700 | 1 |
_aRojos, Francisco G., _edir. _9227619 |
|
| 700 | 1 |
_aSangro y Ros de Olano, Pedro, _cMarqués de Guad-el-Jelú. _9103144 |
|
| 852 |
_aES-MaACL _jG-6119-27 |
||
| 866 | 0 | _o1907-14(1915 f. feb.) | |
| 999 |
_c1613 _d1613 |
||